00592nam a2200205 a 4500001000900000005001700009008004100026020001500067041000800082044000700090050002600097100002900123245005300152260006800205300002300273440002500296500001100321504003000332650002400362BRL_169620190320211328.0270514s1983----sp-a######---#000-0#cat-# a8485709284 acat asp 4aNK4124.C38b.C37 19831 aCasanovas, Ma. Antònia10aLa ceràmica catalanacMa. Antònia Casanovas. aBarcelonabLallar del Ilibre / Els Ilibres de la Fronterac1983 a97 p.bil.c19 cm. 0aConeguem Cataluyav4 aAu2133 aBibliografía: p. 93-97.14aCerámica catalana